| 000 | 00429nam a2200145Ia 4500 | ||
|---|---|---|---|
| 008 | 230917s9999||||xx |||||||||||||| ||und|| | ||
| 040 |
_e167568 _aMAIN |
||
| 041 | _aEnglish | ||
| 082 | _a891.4317109 SS98:RR | ||
| 100 | _aऋषिकल्प, रमेस | ||
| 245 | 0 | _aनई कविता और सर्वेश्वर | |
| 260 |
_aदिल्ली _bभाषा _c1979 |
||
| 300 | _a86 पृ. p. | ||
| 942 | _cHN | ||
| 999 |
_c199751 _d199751 |
||